Normal view
MARC view
Entry Personal Name
001 - CONTROL NUMBER
- control field: 12709
003 - CONTROL NUMBER IDENTIFIER
- control field: NUST
005 - DATE AND TIME OF LATEST TRANSACTION
- control field: 20181219062158.0
008 - FIXED-LENGTH DATA ELEMENTS
- fixed length control field: 181219|| aca||aabn | a|a d
040 ## - CATALOGING SOURCE
- Original cataloging agency: NUST
- Transcribing agency: NUST
100 ## - HEADING--PERSONAL NAME
- Personal name:
- General subdivision: Bioinformatics
670 ## - SOURCE DATA FOUND
- Source citation: Work cat.: (NUST): Maryam Jadoon - Supervisor,Dr. Jamil Ahmad 12708, MS/Thesis: Computational Modeling and Analysis of Hepatitis C Pathway Using Static Analysis Approach to Identify Critical Biomarkers and Drug Targets for Diagnosis , OCt,2018.
